| 000 | 00407nam a2200181Ia 4500 | ||
|---|---|---|---|
| 001 | 24533 | ||
| 005 | 20260414151050.0 | ||
| 008 | 260414t2003||||xx |||||||||||||| ||spa|| | ||
| 041 | _aESP | ||
| 082 |
_a345.72 _bD95 |
||
| 100 |
_aDruckman, Daniel _eAUT |
||
| 245 | 0 |
_aNegociación _b |
|
| 260 | _c2003 | ||
| 300 |
_a170 pƔginas : _ccm. |
||
| 650 | _aDER | ||
| 654 | _aCDE | ||
| 942 |
_cLIB _dJUS _fJUS _2ddc _n |
||
| 999 |
_c24533 _d24533 |
||